000 00579cam a2200193ua 4500
001 4131
008 111219n ii |||gr||||Z||||||asm
040 _cMAIN
082 _a891.4513
100 1 _aParasar, Anubhav,
_eEditor.,
245 1 1 _aMahendra Barthakurar soi dashakar nirbachita golpa
_ced. by Anubhav Parasar
250 _a2nd.
260 _aGuwahati:
_bChintamoni Prakashan,
_c2005.
300 _a248p:
_bill;
_c23cm.
653 _aAssamese short stories
653 _aMahendra Barthakurar soi dashakar nirbachita golpa
700 1 _aGopal, Jalan,
_eEditor.,
942 _cBK
999 _c3953
_d3953